| 000 | 01142nam a22002777a 4500 | ||
|---|---|---|---|
| 999 |
_c15730 _d15730 |
||
| 003 | EG-ScBUE | ||
| 005 | 20201108120451.0 | ||
| 008 | 110725s1990 ua f 0000d aara d | ||
| 040 |
_aEG-ScBUE _beng _erda _cEG-ScBUE _dEG-ScBUE |
||
| 082 | 0 | 4 |
_a892.78509 _bت ي م _222 |
| 100 | 1 |
_aتيمور، رشيدة، _eمؤلف. _926408 |
|
| 240 | _aالأعمال الكاملة. | ||
| 245 | 1 |
_aمحمد تيمور / _cرشيدة تيمور ؛ تقديم سعد أردش. |
|
| 264 | 1 |
_aالقاهرة : _bدار ألف، _c[1990] |
|
| 300 |
_a1 مجلد (متعدد الترقيم) ؛ _c22 سم |
||
| 336 |
_2rdacontent _aنص _btxt |
||
| 337 |
_2rdamedia _aبدون وسيط _bn |
||
| 338 |
_2rdacarrier _aمجلد _bnc |
||
| 505 | _aالمحتويات: مسرحية الهاوية -- العشرة الطيبة -- ماتراها لعيون -- عبد الستار أفندي -- العصفور في القفص. | ||
| 650 | 7 |
_aالمسرحيات العربية _zمصر. _2BUEsh _98024 |
|
| 651 | _2BUEsh | ||
| 653 |
_bARALIT _cNovember2020 |
||
| 655 |
_vReading book _934232 |
||
| 700 | 1 |
_aأردش، سعد، _eمقدم. _917603 |
|
| 942 |
_2ddc _cBB |
||